000 00421 a2200157 4500
003 OSt
005 20240110135814.0
008 240110b |||||||| |||| 00| 0 eng d
040 _coclc
082 _a297
_bUSM/W
100 _aUsman, M
_910253
245 _aWho Created You? /
_cDr. M Usman
260 _aKerala:
_bDa'wa books,
_c2004.
300 _a51p
942 _2ddc
_cBK
_h297
_iUSM/W
_k297
_mUSM/W
999 _c43073
_d43073